000
00334nam a22001337a 4500
999
_c
534397
_d
534397
020
_a
9695035140
040
_c
MSOHAIL
082
_a
910.4
100
_a
Abul Ala Modudi
_9
28529
245
_a
Safarnama Arzul Quran, - سفرنامہ ارض القرآن
260
_a
Lahore
_b
Al-Faisal
_c
N.D.
300
_a
228;;p
942
_2
ddc
_c
BK